000 00606nam a2200217Ii 4500
003 JO-AjNU
008 230606s9999||||xx |||||||||||||| ||und||
020 _a81-219-2603-3
040 _aJO-AjNU
_beng
_erda
_cJO-AjNU
041 _aeng
050 1 4 _aTA9.2006
100 3 _aBanerjee, Suraroa,
_eauthor
_95195
245 0 0 _aEnglish for Engineering and Management
250 _arevised ed
264 3 1 _aNew Delhi:s.c,2006
300 _a130p
336 _atext
_btxt
_2rdacontent
337 _aunmediated
_bn
_2rdamedia
338 _avolume
_bnc
_2rdacarrier
650 4 _aEngineering and Managament
_95196
999 _aE2685
_c2683
_d2683